| 000 | 01130nam a22002657a 4500 | ||
|---|---|---|---|
| 005 | 20170124103004.0 | ||
| 010 | _aA-267523 | ||
| 020 | _c40.00 | ||
| 035 | _aA-267523 | ||
| 037 | _bCen Lib/Ret | ||
| 040 |
_aDPL _bHN |
||
| 082 |
_aउ _bआशापू |
||
| 100 |
_aआशापूर्णा देवी _955814 |
||
| 245 |
_aअवशेष : _cआशापूर्णा देवी; अनुवाद अलका मुखोपाध्याय _bउपन्यास / |
||
| 246 |
_aAvsheh : upnyas / _bby Ashapoorna Devi; anuvadk Alka mukhopadhyaya |
||
| 260 |
_aइलाहाबाद _bरवींद्र प्रकाशन _c1989 |
||
| 270 |
_bइलाहाबाद _a११३९ कटरा |
||
| 300 |
_a158पृ. _c18सेमी(सजिल्द ) |
||
| 650 |
_aहिंदी साहित्य _x _z _955815 |
||
| 650 |
_aहिंदी उपन्यास _955816 |
||
| 650 |
_aHindi literature _v _955817 |
||
| 650 |
_aHindi fiction _927248 |
||
| 700 |
_aमिखोपध्याया, अलका _93849 |
||
| 942 |
_2ddc _cHN _hउ _mआशापू |
||
| 999 |
_c114209 _d114209 |
||